[Event "Wch U18 Girls"]
[Site "Oropesa del Mar"]
[Date "2001.10.29"]
[Round "8"]
[White "Meyer, Marany"]
[Black "Kuznetsova, Sofia"]
[Result "1/2-1/2"]
[WhiteElo "2101"]
[BlackElo "2076"]
[PlyCount "99"]
[EventDate "2001.10.21"]
[EventType "swiss"]
[EventRounds "11"]
[EventCountry "ESP"]
[SourceTitle "EXT 2002"]
[Source "ChessBase"]
[SourceDate "2001.11.25"]
[SourceVersion "1"]
[SourceVersionDate "2001.11.25"]
[SourceQuality "1"]

1. e4 d5 2. exd5 Nf6 3. d4 Nxd5 4. c4 Nb6 5. Nc3 e5 6. Qe2 Qxd4 7. Nf3 Qd8 8. Nxe5 Be7 9. Bd2 0-0 10. 0-0-0 N8d7 11. Nxd7 Bxd7 12. h4 Bf6 13. Qf3 Bc6 14. Qg3 Na4 15. Be2 Qe7 16. Nxa4 Qxe2 17. Nc3 Qxc4 18. Kb1 b5 19. Rc1 b4 20. Nd1 Qe4+ 21. Ka1 Qxg2 22. Qxg2 Bxg2 23. Rg1 Bf3 24. Bxb4 Rfd8 25. Ne3 g6 26. Rxc7 Bxh4 27. Nf5 Bxf2 28. Nh6+ Kg7 29. Nxf7 Bxg1 30. Nxd8+ Kh6 31. Bd2+ Kh5 32. Rxh7+ Kg4 33. Nf7 Bd4 34. Nh6+ Kg3 35. Rd7 Be5 36. Nf7 Bf4 37. Bxf4+ Kxf4 38. Rd6 Be4 39. Rf6+ Bf5 40. b3 Rf8 41. Kb2 Ke3 42. Kc3 Be4 43. Ne5 Rxf6 44. Ng4+ Kf4 45. Nxf6 Bc6 46. a4 g5 47. Nh7 g4 48. Nf6 g3 49. Nh5+ Kf3 50. Nxg3 1/2-1/2

[Event "Wch U18 Girls"]
[Site "Oropesa del Mar"]
[Date "2001.10.23"]
[Round "3"]
[White "Kuznetsova, Sofia"]
[Black "Zhao, Dindin"]
[Result "0-1"]
[WhiteElo "2076"]
[BlackElo "2220"]
[PlyCount "68"]
[EventDate "2001.10.21"]
[EventType "swiss"]
[EventRounds "11"]
[EventCountry "ESP"]
[SourceTitle "EXT 2002"]
[Source "ChessBase"]
[SourceDate "2001.11.25"]
[SourceVersion "1"]
[SourceVersionDate "2001.11.25"]
[SourceQuality "1"]

1. e4 c5 2. Nf3 d6 3. d4 cxd4 4. Nxd4 Nf6 5. Nc3 a6 6. Be2 e6 7. 0-0 Be7 8. Be3 0-0 9. f4 Qc7 10. Bf3 Nc6 11. Kh1 Rb8 12. g4 Nxd4 13. Bxd4 e5 14. Be3 exf4 15. Bxf4 Be6 16. Rc1 b5 17. Re1 Nd7 18. Nd5 Bxd5 19. exd5 Bf6 20. c3 Be5 21. Be3 Nb6 22. Bd4 f6 23. Be4 Bxd4 24. cxd4 Qf7 25. Qf3 g6 26. Rc6 Nc4 27. Rc1 Rbe8 28. Bd3 Re3 29. Qg2 Rxd3 30. b3 Ne3 31. Qe4 Qxd5 32. Qxd5+ Nxd5 33. Rxd6 Rxd4 34. Kg1 Rxg4+ 0-1

[Event "Keres Memorial op"]
[Site "Tallinn"]
[Date "2001.07.28"]
[Round "6"]
[White "Kanep, Meelis"]
[Black "Kuznetsova, Sofia"]
[Result "1-0"]
[WhiteElo "2318"]
[BlackElo "2076"]
[PlyCount "109"]
[EventDate "2001.07.25"]
[EventType "swiss"]
[EventRounds "9"]
[EventCountry "EST"]
[SourceTitle "CBM 083 Extra"]
[Source "ChessBase"]
[SourceDate "2001.09.11"]
[SourceVersion "1"]
[SourceVersionDate "2001.09.11"]
[SourceQuality "1"]

1. d4 f5 2. g3 Nf6 3. Bg2 g6 4. Nf3 Bg7 5. 0-0 0-0 6. b4 d5 7. c4 e6 8. Qc2 Ne4 9. Bb2 Nc6 10. a3 dxc4 11. Qxc4 Qd5 12. Qd3 Rd8 13. Rd1 a5 14. b5 Ne7 15. Ng5 c5 16. Nxe4 fxe4 17. Bxe4 c4 18. Qc2 Qxb5 19. a4 Qb3 20. Nd2 Qxc2 21. Bxc2 Bxd4 22. Nxc4 Nc6 23. Bxd4 Rxd4 24. Bb3 Kf8 25. e3 Rxd1+ 26. Rxd1 e5 27. Nb6 Rb8 28. f3 Ke8 29. Kf2 Nb4 30. g4 e4 31. Kg3 exf3 32. Kxf3 Ke7 33. Rd4 h5 34. h3 g5 35. Nxc8+ Rxc8 36. gxh5 Rc3 37. h6 Rc6 38. h7 Rh6 39. Bg8 Nc6 40. Re4+ Kf8 41. Kg4 Kg7 42. Kxg5 Rxh3 43. Kf5 Rh5+ 44. Ke6 b5 45. Kd6 Rh6+ 46. Kc5 b4 47. Bd5 Nb8 48. Re7+ Kf8 49. Rf7+ Ke8 50. Rg7 Nd7+ 51. Kb5 Nf6 52. Rg8+ Ke7 53. h8Q Rxh8 54. Rxh8 Nxd5 55. Kxa5 1-0

[Event "EST-ch (Women)"]
[Site "Tallinn"]
[Date "2000.05.07"]
[Round "9"]
[White "Rytova, Merike"]
[Black "Kuznetsova, Sofia"]
[Result "1/2-1/2"]
[WhiteElo "2001"]
[BlackElo "2094"]
[PlyCount "64"]
[EventDate "2000.04.27"]
[EventType "tourn"]
[EventRounds "9"]
[EventCountry "EST"]
[SourceTitle "CBM 075 Extra"]
[Source "ChessBase"]
[SourceDate "2000.05.11"]
[SourceVersion "2"]
[SourceVersionDate "2000.05.11"]
[SourceQuality "1"]

1. d4 d5 2. e3 e6 3. Bd3 Nf6 4. f4 c5 5. c3 Nc6 6. Nh3 a6 7. 0-0 b6 8. Rf2 Bb7 9. Nd2 Be7 10. g3 Rc8 11. Rg2 b5 12. Nf2 b4 13. Nf3 Qa5 14. Bd2 c4 15. Bc2 bxc3 16. bxc3 Na7 17. Ne5 Nb5 18. Ba4 0-0 19. Bxb5 axb5 20. a3 Ra8 21. g4 Qa4 22. Qe1 Bxa3 23. g5 Ne4 24. Nxe4 dxe4 25. Nd7 Qb3 26. Nxf8 Bxf8 27. Rxa8 Bxa8 28. Bc1 Qa4 29. Rb2 Bd5 30. Qd2 Qa6 31. Ra2 Qc6 32. Ba3 b4 1/2-1/2

[Event "EST-ch (Women)"]
[Site "Tallinn"]
[Date "2000.05.04"]
[Round "6"]
[White "Kuznetsova, Sofia"]
[Black "Zainetdinova, Svetlana"]
[Result "0-1"]
[WhiteElo "2094"]
[BlackElo "2100"]
[PlyCount "30"]
[EventDate "2000.04.27"]
[EventType "tourn"]
[EventRounds "9"]
[EventCountry "EST"]
[SourceTitle "CBM 075 Extra"]
[Source "ChessBase"]
[SourceDate "2000.05.11"]
[SourceVersion "2"]
[SourceVersionDate "2000.05.11"]
[SourceQuality "1"]

1. e4 e5 2. Nf3 Nc6 3. Bb5 Bc5 4. 0-0 Nf6 5. Bxc6 dxc6 6. Nxe5 Nxe4 7. Qe2 Qd5 8. Nc3 Nxc3 9. dxc3 0-0 10. Rd1 Qe6 11. Qh5 g6 12. Qe2 Bd6 13. Re1 Re8 14. Bf4 f6 15. Qc4 fxe5 0-1

[Event "EU-chT (Women) 3rd"]
[Site "Batumi"]
[Date "1999.12.03"]
[Round "5.1"]
[White "Milligan, Helen"]
[Black "Kuznetsova, Sofia"]
[Result "1-0"]
[WhiteElo "2138"]
[BlackElo "2032"]
[PlyCount "101"]
[EventDate "1999.11.06"]
[EventType "team-swiss"]
[EventRounds "9"]
[EventCountry "GEO"]
[SourceTitle "CBM 073 Extra"]
[Source "ChessBase"]
[SourceDate "2000.01.11"]
[SourceVersion "1"]
[SourceVersionDate "2000.01.11"]
[SourceQuality "1"]
[WhiteTeam "Scotland (W)"]
[BlackTeam "Estonia (W)"]
[WhiteTeamCountry "SCO"]
[BlackTeamCountry "EST"]

1. e4 c5 2. Nf3 d6 3. d4 cxd4 4. Nxd4 Nf6 5. Nc3 e6 6. g4 e5 7. Nf5 h5 8. g5 Nxe4 9. Nxg7+ Bxg7 10. Nxe4 d5 11. Nf6+ Bxf6 12. gxf6 Bg4 13. Be2 Bxe2 14. Qxe2 Qxf6 15. Rg1 Nd7 16. Bg5 Qf5 17. 0-0-0 f6 18. Be3 e4 19. Qb5 0-0-0 20. Rxd5 Qe6 21. Rgd1 Nb6 22. Qc5+ Qc6 23. Rxd8+ Rxd8 24. Rxd8+ Kxd8 25. Qf8+ Kd7 26. Qf7+ Kd8 27. Qxh5 Nc4 28. Qd1+ Ke7 29. Qd4 Nxe3 30. fxe3 a6 31. b3 Kf8 32. a4 Kg7 33. Qd2 Kg6 34. Qg2+ Kf7 35. Kb2 Qe6 36. Qg3 Qc6 37. h4 Qd5 38. Qg4 Qe5+ 39. Kb1 f5 40. Qg5 Qf6 41. Qxf6+ Kxf6 42. a5 Kg6 43. c4 Kh5 44. Kc2 Kxh4 45. Kd2 Kg3 46. Ke2 f4 47. exf4 Kxf4 48. b4 e3 49. b5 Ke4 50. c5 Kd5 51. c6 1-0

[Event "Wch U20 Girls"]
[Site "Yerevan"]
[Date "1999.09.29"]
[Round "12"]
[White "Mkrtchian, Lilit"]
[Black "Kuznetsova, Sofia"]
[Result "1/2-1/2"]
[WhiteElo "2295"]
[BlackElo "2032"]
[PlyCount "79"]
[EventDate "1999.09.18"]
[EventType "swiss"]
[EventRounds "13"]
[EventCountry "ARM"]
[SourceTitle "CBM 072 Extra"]
[Source "ChessBase"]
[SourceDate "1999.11.18"]
[SourceVersion "1"]
[SourceVersionDate "1999.11.18"]
[SourceQuality "1"]

1. e4 c5 2. Nf3 e6 3. d3 d5 4. Nbd2 Nf6 5. g3 Nc6 6. Bg2 Be7 7. 0-0 Qc7 8. Re1 b6 9. Qe2 Bb7 10. c3 0-0-0 11. a3 h6 12. h4 Rhg8 13. Nf1 Nd7 14. exd5 exd5 15. Ne3 Nf8 16. Bh3+ Kb8 17. Nf5 Ne6 18. Nxe7 Qxe7 19. Bxe6 Rge8 20. Bf4+ Ka8 21. d4 Qxe6 22. Qxe6 Rxe6 23. Rxe6 fxe6 24. Re1 Bc8 25. Kg2 Kb7 26. h5 Ka6 27. Be5 Rd7 28. g4 Rf7 29. Kg3 Kb5 30. Nd2 Na5 31. f4 Nc4 32. Nxc4 Kxc4 33. g5 Kb3 34. Re2 a5 35. Bd6 Kc4 36. Be5 Kb3 37. Rd2 Kc4 38. Rh2 cxd4 39. cxd4 Kb3 40. Rd2 1/2-1/2

[Event "EST-chT"]
[Site "Tallinn"]
[Date "1999.04.04"]
[Round "5"]
[White "Kuznetsova, Sofia"]
[Black "Piarnpuu, Leili"]
[Result "1/2-1/2"]
[WhiteElo "2050"]
[BlackElo "2233"]
[PlyCount "28"]
[EventDate "1999.??.??"]
[EventType "team-tourn"]
[EventRounds "10"]
[EventCountry "EST"]
[SourceTitle "EXT 2000"]
[Source "ChessBase"]
[SourceDate "1999.11.16"]
[SourceVersion "1"]
[SourceVersionDate "1999.11.16"]
[SourceQuality "1"]

1. e4 e5 2. Nf3 Nc6 3. Bb5 a6 4. Ba4 Nf6 5. 0-0 Be7 6. Bxc6 dxc6 7. Qe1 Nd7 8. d4 exd4 9. Nxd4 0-0 10. Kh1 Nc5 11. Nb3 Re8 12. Nc3 Nxb3 13. axb3 Bf6 14. f3 Qe7 1/2-1/2

[Event "EST-chT"]
[Site "Tallinn"]
[Date "1999.04.04"]
[Round "4"]
[White "Ranniku, Maaja"]
[Black "Kuznetsova, Sofia"]
[Result "1-0"]
[WhiteElo "2110"]
[BlackElo "2050"]
[PlyCount "101"]
[EventDate "1999.??.??"]
[EventType "team-tourn"]
[EventRounds "10"]
[EventCountry "EST"]
[SourceTitle "EXT 2000"]
[Source "ChessBase"]
[SourceDate "1999.11.16"]
[SourceVersion "1"]
[SourceVersionDate "1999.11.16"]
[SourceQuality "1"]

1. e4 e6 2. d4 d5 3. Nc3 Nf6 4. Bg5 Bb4 5. e5 h6 6. Bd2 Bxc3 7. bxc3 Ne4 8. Qg4 Kf8 9. h4 c5 10. Bd3 Nxd2 11. Kxd2 c4 12. Be2 b5 13. Nf3 a5 14. a3 Nc6 15. Rh3 Rb8 16. Rg3 Rg8 17. Qf4 b4 18. axb4 axb4 19. cxb4 c3+ 20. Kxc3 Qe7 21. Kd2 Qxb4+ 22. Kd1 Qc3 23. Rc1 Rb4 24. Qe3 Qb2 25. c3 Ra4 26. Qd2 Qb6 27. Qc2 Qa5 28. Rb1 Bd7 29. Nd2 Ra2 30. Qd3 Qa4+ 31. Ke1 Ke7 32. Bd1 Qa7 33. Qh7 Rb8 34. Rxg7 Be8 35. Rxb8 Qxb8 36. Qxh6 Qb2 37. Qg5+ Kd7 38. Qe3 Ra3 39. Rg3 Ne7 40. Rh3 Nf5 41. Qd3 Ke7 42. Qc2 Qb6 43. Qc1 Qa7 44. g4 Nxd4 45. Nb1 Ra2 46. cxd4 Qxd4 47. Qg5+ Kd7 48. Nd2 Ra1 49. Rb3 Kc6 50. Qe3 Qxe3+ 51. fxe3 1-0

[Event "EST-chT"]
[Site "Tallinn"]
[Date "1999.04.03"]
[Round "3"]
[White "Narva, Regina R"]
[Black "Kuznetsova, Sofia"]
[Result "0-1"]
[WhiteElo "2055"]
[BlackElo "2050"]
[PlyCount "104"]
[EventDate "1999.??.??"]
[EventType "team-tourn"]
[EventRounds "10"]
[EventCountry "EST"]
[SourceTitle "EXT 2000"]
[Source "ChessBase"]
[SourceDate "1999.11.16"]
[SourceVersion "1"]
[SourceVersionDate "1999.11.16"]
[SourceQuality "1"]

1. e4 e6 2. d3 d5 3. Qe2 dxe4 4. dxe4 Nc6 5. Nf3 e5 6. Qb5 a6 7. Qb3 Nf6 8. Ng5 Qd7 9. Bc4 Nd8 10. 0-0 Bd6 11. Qg3 0-0 12. Nc3 h6 13. Nf3 Qg4 14. Qxg4 Bxg4 15. h3 Be6 16. Bd3 Nc6 17. a3 Rad8 18. b4 b5 19. Bb2 Nd7 20. Nd5 Bxd5 21. exd5 Ne7 22. c4 f5 23. Be2 bxc4 24. Bxc4 Ra8 25. Bb3 a5 26. b5 a4 27. Ba2 Rab8 28. Rfe1 Ng6 29. Bc4 Rfe8 30. Rab1 Kh8 31. Bc1 Nc5 32. Nd2 Nf4 33. Re3 e4 34. Bb2 Ncd3 35. Bxd3 Nxd3 36. Nc4 Bc5 37. Re2 Rbd8 38. Ne3 f4 39. Nf5 Nxb2 40. Rexb2 Rxd5 41. g4 e3 42. fxe3 fxe3 43. Re2 Rd2 44. Rbe1 Rxe2 45. Rxe2 Bxa3 46. Nd4 Bc5 47. Nc2 Rd8 48. Kg2 Rd2 49. Kf3 Rxe2 50. Kxe2 Kg8 51. Kd3 Kf7 52. Kc4 Bb6 0-1

[Event "St Petersburg White Nights (Women)"]
[Site "St Petersburg"]
[Date "1999.??.??"]
[Round "1"]
[White "Eidelson, Rakhil"]
[Black "Kuznetsova, Sofia"]
[Result "1-0"]
[WhiteElo "2267"]
[BlackElo "2050"]
[PlyCount "43"]
[EventDate "1999.06.??"]
[EventType "tourn"]
[EventRounds "10"]
[EventCountry "RUS"]
[SourceTitle "EXT 2000"]
[Source "ChessBase"]
[SourceDate "1999.11.16"]
[SourceVersion "1"]
[SourceVersionDate "1999.11.16"]
[SourceQuality "1"]

1. Nf3 d5 2. g3 Nf6 3. Bg2 e6 4. d3 Be7 5. 0-0 0-0 6. Nbd2 c5 7. e4 Nc6 8. c3 dxe4 9. dxe4 Qc7 10. Qe2 e5 11. Nc4 Be6 12. a4 Rfd8 13. h3 a6 14. Ng5 Bxc4 15. Qxc4 Bf8 16. f4 Na5 17. Qe2 Nb3 18. fxe5 Nxa1 19. exf6 c4 20. fxg7 Bc5+ 21. Kh1 Nb3 22. Qh5 1-0

[Event "St Petersburg White Nights (Women)"]
[Site "St Petersburg"]
[Date "1999.??.??"]
[Round "6"]
[White "Kuznetsova, Sofia"]
[Black "Bistrikova, Elena V"]
[Result "1-0"]
[WhiteElo "2050"]
[BlackElo "2115"]
[PlyCount "87"]
[EventDate "1999.06.??"]
[EventType "tourn"]
[EventRounds "10"]
[EventCountry "RUS"]
[SourceTitle "EXT 2000"]
[Source "ChessBase"]
[SourceDate "1999.11.16"]
[SourceVersion "1"]
[SourceVersionDate "1999.11.16"]
[SourceQuality "1"]

1. e4 e6 2. d4 d5 3. exd5 exd5 4. c4 Nf6 5. Nc3 Be7 6. Nf3 0-0 7. cxd5 Nxd5 8. Bd3 Nc6 9. 0-0 Bf6 10. Nxd5 Qxd5 11. Qc2 h6 12. Be4 Nxd4 13. Nxd4 Qxd4 14. Rd1 Qb6 15. Rd3 Re8 16. Rb3 Qd4 17. Re3 c6 18. Bd2 Qxb2 19. Bh7+ Kf8 20. Qxb2 Rxe3 21. Qb4+ Re7 22. Bc3 Bxc3 23. Qxc3 Be6 24. Bd3 Rd8 25. Bc4 Bxc4 26. Qxc4 Ke8 27. Qb4 Rd5 28. Re1 Rxe1+ 29. Qxe1+ Kd7 30. g3 a6 31. Qb4 b5 32. Qf8 c5 33. Qxf7+ Kc6 34. Qxg7 c4 35. Qxh6+ Kc5 36. h4 c3 37. Kg2 Kc4 38. Qf4+ Rd4 39. Qc7+ Kd3 40. h5 c2 41. h6 Rc4 42. Qd6+ Ke2 43. Qe5+ Kd1 44. Kf1 1-0

[Event "St Petersburg White Nights (Women)"]
[Site "St Petersburg"]
[Date "1999.??.??"]
[Round "11"]
[White "Kuznetsova, Sofia"]
[Black "Dornbusch, Tatiana"]
[Result "1-0"]
[WhiteElo "2050"]
[BlackElo "2175"]
[PlyCount "127"]
[EventDate "1999.06.??"]
[EventType "tourn"]
[EventRounds "10"]
[EventCountry "RUS"]
[SourceTitle "EXT 2000"]
[Source "ChessBase"]
[SourceDate "1999.11.16"]
[SourceVersion "1"]
[SourceVersionDate "1999.11.16"]
[SourceQuality "1"]

1. e4 e5 2. Nf3 Nc6 3. Bb5 a6 4. Ba4 Nf6 5. 0-0 Be7 6. Bxc6 dxc6 7. Qe1 c5 8. b3 Bd6 9. Bb2 Qe7 10. d3 Bg4 11. Nbd2 Nd7 12. c3 0-0 13. d4 cxd4 14. cxd4 exd4 15. Nxd4 c5 16. Nc2 Be5 17. Bxe5 Nxe5 18. f4 Nd3 19. Qg3 Be2 20. Rfb1 Qf6 21. f5 Ne5 22. Ne3 Qd6 23. Nd5 f6 24. Qe3 Bb5 25. Rd1 Rac8 26. Nf3 Rfe8 27. a4 Bd7 28. Nxe5 Rxe5 29. Nxf6+ Qxf6 30. Rxd7 Rxe4 31. Qxe4 Qxa1+ 32. Kf2 Qb2+ 33. Kf3 Qxb3+ 34. Kf4 Qb4 35. Rxb7 Qxe4+ 36. Kxe4 c4 37. Rb1 Kf7 38. Kd4 c3 39. Rc1 c2 40. Kd3 Rc5 41. Rxc2 Rxf5 42. Rc7+ Kg6 43. Rc6+ Kg5 44. Rxa6 Rf2 45. Rc6 Rxg2 46. Rc2 Rg4 47. Ra2 Rf4 48. a5 Rf7 49. a6 Ra7 50. Kc4 Kh4 51. Kb5 Kh3 52. Kb6 Rxa6+ 53. Kxa6 g5 54. Kb5 h5 55. Kc4 g4 56. Kd4 g3 57. hxg3 Kxg3 58. Ke4 h4 59. Kf5 h3 60. Ra3+ Kg2 61. Kg4 h2 62. Ra2+ Kg1 63. Kg3 h1N+ 64. Kf3 1-0

[Event "Helsinki We I HSK op"]
[Site "Helsinki"]
[Date "1999.??.??"]
[Round "1"]
[White "Kuznetsova, Sofia"]
[Black "Salmensuu, Olli"]
[Result "0-1"]
[WhiteElo "2050"]
[BlackElo "2449"]
[PlyCount "90"]
[EventDate "1999.??.??"]
[EventType "swiss"]
[EventRounds "5"]
[EventCountry "FIN"]
[SourceTitle "EXT 2000"]
[Source "ChessBase"]
[SourceDate "1999.11.16"]
[SourceVersion "1"]
[SourceVersionDate "1999.11.16"]
[SourceQuality "1"]

1. e4 c5 2. Nf3 d6 3. d4 cxd4 4. Nxd4 Nf6 5. Nc3 g6 6. Be3 Bg7 7. Be2 Nc6 8. 0-0 0-0 9. Kh1 d5 10. exd5 Nxd5 11. Nxd5 Nxd4 12. Bxd4 Qxd5 13. Bxg7 Qxd1 14. Raxd1 Kxg7 15. Bf3 Bf5 16. Rfe1 Kf6 17. Be4 Rfd8 18. Bxf5 Kxf5 19. g3 e5 20. Kg2 g5 21. Kf3 e4+ 22. Ke3 Kg4 23. h3+ Kxh3 24. Kxe4 f5+ 25. Kxf5 Rf8+ 26. Kxg5 Rxf2 27. g4 Rg8+ 28. Kh5 Rxc2 29. Re3+ Kg2 30. Rdd3 Rxb2 31. Rg3+ Kf2 32. Rh3 Rb5+ 33. Kh4 Rg6 34. Rh2+ Ke1 35. Kg3 h5 36. Re3+ Kd1 37. Rf3 Rxg4+ 38. Kh3 Re4 39. a4 Rbb4 40. Rf1+ Re1 41. Rf3 Re2 42. Rd3+ Kc2 43. Rxe2+ Kxd3 44. Ra2 a5 45. Ra3+ Ke2 0-1